50 biggest metropolitan areas in the USA - Statistics

General Stats
  • This quiz has been taken 142 times
  • The average score is 45 of 50
Answer Stats
Population in Millions. State Answer % Correct
19.6 Million NY New York City
100%
9.3 Million IL Chicago
99%
7.93 Million TX Dallas
99%
7.37 Million TX Houston
99%
12.9 Million CA Los Angeles
99%
6.14 Million FL Miami/Fort Lauderdale
99%
6.27 Million DC Washington/Arlington
99%
6.24 Million GA Atlanta
98%
4.9 Million MA Boston
98%
6.24 Million PA Philadelphia
98%
5.02 Million AZ Phoenix/Mesa
98%
4.58 Million CA San Francisco/Oakland
98%
4.35 Million MI Detroit
97%
3.69 Million MN Minneapolis/St. Paul
96%
2.42 Million TX Austin
95%
2.98 Million CO Denver
95%
2.32 Million NV Las Vegas
95%
2.65 Million TX San Antonio
95%
3.28 Million CA San Diego
95%
2.07 Million TN Nashville
94%
2.50 Million OR Portland
94%
4.03 Million WA Seattle/Tacoma
94%
2.83 Million MD Baltimore
93%
2.12 Million IN Indianapolis
93%
1.68 Million FL Jacksonville
93%
2.76 Million FL Orlando
93%
3.29 Million FL Tampa
93%
2.16 Million OH Columbus
92%
2.41 Million CA Sacramento
92%
1.34 Million UT Salt Lake City
92%
2.75 Million NC Charlotte
90%
1.36 Million TN Memphis
90%
2.16 Million OH Cleveland
89%
1.94 Million CA San Jose
89%
1.18 Million NY Buffalo
88%
2.26 Million OH Cincinnati
88%
2.80 Million MO St. Louis
88%
1.46 Million KY Louisville
87%
1.56 Million WI Milwaukee
87%
1.48 Million NC Raleigh
87%
1.34 Million VA Richmond
84%
2.21 Million MO Kansas City
83%
2.43 Million PA Pittsburgh
83%
1.67 Million RI Providence
82%
1.27 Million AL Birmingham
79%
1.79 Million VA Virginia Beach
79%
1.16 Million CT Hartford
75%
1.18 Million CA Fresno
69%
4.67 Million CA Riverside
66%
1.16 Million MI Grand Rapids
56%
No matching quizzes found
Score Distribution
Percent of People with Each Score
Percentile by Number Answered
Your Score History
You have not taken this quiz